000 01088cam a2200313 a 4500
001 12979
003 BD-RjUL
005 20211208235402.0
008 140130r20061997ii a b 001 0 eng
020 _a0750632771
035 _a(BD-RjUL)13029
040 _aDLC
_cDLC
_dDLC
_dBD-RjUL
_beng
041 _aeng
082 0 0 _a620.11
_221
_bCHS 2006
100 1 _aCharles, J. A.
_940454
245 1 0 _aSelection and use of engineering materials /
_cJ. A. Charles, F. A. A. Crane, J. A. G. Furness
250 _a3rd ed.
260 _aIndia ;
_aOxford ;
_aBoston :
_bButterworth Heinemann,
_c1997 [reprinted 2006].
300 _aix, 343 p. :
_bill. ;
_c25 cm.
504 _aIncludes bibliographical references and index.
650 0 _aMaterials.
_940455
700 1 _aCrane, F. A. A.
_940456
700 1 _aFurness, J.A.G.
_940457
856 4 2 _3Publisher description
_uhttp://www.loc.gov/catdir/description/els033/97203970.html
856 4 1 _3Table of contents
_uhttp://www.loc.gov/catdir/toc/els032/97203970.html
942 _2ddc
_cBK
999 _c12979
_d12979